| 000 | 00655nam a2200181 a 4500 | ||
|---|---|---|---|
| 005 | 20210219150918.0 | ||
| 008 | 991125n19 mx 000 0 spa u | ||
| 035 | _aUPN01000024019 | ||
| 049 | _aCE | ||
| 050 | 4 | _aTP910 M3.3 | |
| 245 | 0 | 0 |
_aFabricación de tintas : _bsección de industrias típicas y domésticas / _cSecretaría de la Economía Nacional, Departamento de Industrias |
| 260 |
_aMéxico : _bSEN, Departamento de Industrias, _c19-- |
||
| 300 |
_a39 h. : _bil. |
||
| 650 | 4 |
_aTINTA- _xINDUSTRIA |
|
| 650 | 4 |
_aTINTAS- _xFORMULAS, RECETAS |
|
| 710 | 2 |
_aMéxico. _bSecretaría de la Economía Nacional. _bDepartamentode Industrias |
|
| 905 | _aLibro | ||
| 999 |
_c24019 _d24019 |
||